| 000 | 01091nam a22002417a 4500 | ||
|---|---|---|---|
| 999 |
_c21711 _d21711 |
||
| 003 | AR-CdUCM | ||
| 008 | 190425b ||||| |||| 00| 0 spa d | ||
| 040 |
_aMUNICIPALIDAD PROVINCIAL DEL CUSCO _cBIBLIOTECA MUNICIPAL DEL CUSCO |
||
| 082 |
_aRev.Univ/N°52/1926 _bRev.Univ/N°52/1926 _23° trimestre 1926 |
||
| 110 |
_aUniversidad Nacional de San Antonio Abad del Cusco _915942 |
||
| 245 |
_aRevista Universitaria : _bÓrgano de la Universidad del Cuzco / |
||
| 260 |
_aCusco : _bH. G. Rozas, _c1926. |
||
| 300 |
_a24 páginas. : _c20 cm. |
||
| 440 |
_aRevista Universitaria _nAño XVI, 3° trimestre 1926, N°52 _945829 |
||
| 505 | _aContenido: Fitolatría indígena. Fortunato L. Herrera. -- El poncho y las cuestiones sobre su origen. José Gabriel Cosio. -- Del Folklore indígena. César A. Muñiz. Crónica Universitaria. Bibliografía. | ||
| 650 |
_aFitolatría _945830 |
||
| 650 |
_aBotánica cusqueña _945807 |
||
| 650 |
_aFolclore _93233 |
||
| 650 |
_aSiglo XX _945831 |
||
| 710 |
_aUniversidad Nacional de San Antonio Abad del Cusco _915942 |
||
| 942 |
_2ddc _cPP |
||
| 945 | _arac | ||